00498 2200169 4500001002100000005001500021035002000036007000300056008003900059082000700098084001300105100001700118245010800135260004600243650002400289990001500313INLIS00000000000988120260413011113 a0010-0426000199ta260413 | | |  a11 a11 ABD p0 aABDUL RASYID1 aPENGELOLAAN RUANG TERBUKA HIJAU (RTH) OLEH DINAS LINGKUNGAN HIDUP DI KABUPATEN KATINGAN /cABDUL RASYID aPALANGKA RAYA :bPERPUSTAKAAN UMPR,c2026 4aRUANG TERBUKA HIJAU a2311229258